Normal view
MARC view
Entry Corporate Name
001 - CONTROL NUMBER
- control field: 7588
003 - CONTROL NUMBER IDENTIFIER
- control field: ARRUPE
005 - DATE AND TIME OF LATEST TRANSACTION
- control field: 20140131140632.0
008 - FIXED-LENGTH DATA ELEMENTS
- fixed length control field: 140131|| aca||aabn | a|a d
040 ## - CATALOGING SOURCE
- Original cataloging agency: ARRUPE
- Transcribing agency: ARRUPE
110 ## - HEADING--CORPORATE NAME
- Corporate name or jurisdiction name as entry element: Little Brothers of Jesus
- General subdivision: Spiritual life.
670 ## - SOURCE DATA FOUND
- Source citation: Work cat.: (ARRUPE)0: Carretto, Carlo. 7586, The desert journal :, c1992.